| 000 | 00930nas a2200277 4500 | ||
|---|---|---|---|
| 001 | BR9209835 | ||
| 003 | BR-BrBNA | ||
| 005 | 20231205093334.0 | ||
| 007 | ta | ||
| 008 | 230509b bl.|||p| |||| 00| 00por d | ||
| 040 |
_aBR-BrBNA _bpor _cBiblioteca Nacional de Agricultura |
||
| 041 | _a(En) | ||
| 072 | _aL72 | ||
| 100 | 1 | _aRibeiro, R.D. | |
| 100 | 1 | _aLopes, R.A. | |
| 100 | 1 | _aSatake, T. | |
| 100 | 1 | _aNuti Sobrinho, A. | |
| 100 | 1 | _aBritski, H.A. | |
| 245 | 1 | _aTrypanosomes of brazilian fishes; 9. Trypanosoma pintoi sp.n. from armored Catfish hypostomus sp (Pisces, Loricariidade), from Mogi-Guacu river, municipality of Pitangueiras, Sao Paulo, Brazil | |
| 650 | _aCASCUDO | ||
| 650 | _aTRIPANOSSOMO | ||
| 650 | _aSAO PAULO | ||
| 773 | 0 |
_tRevista Brasileira de Biologia (Brazil) _xISSN 0034-7108 _g(Aug 1990), v. 50(3) p. 559-562 _wBR9209835 |
|
| 909 |
_a202311 _bLúcia _c55 _dLúcia Elande |
||
| 942 |
_2AGRIS _n0 _cANA |
||
| 999 |
_c137621 _d137621 |
||